LEADER 00876nam0-22002891i-450- 001 990001844460403321 005 20061114150841.0 035 $a000184446 035 $aFED01000184446 035 $a(Aleph)000184446FED01 035 $a000184446 100 $a20030910d--------km-y0itay50------ba 101 0 $aita 200 1 $aBerseem or Egyptian Clover (Trifolium alexandrinum)$fP.B. Kennedy, W.W. Mackie. 210 $aBerkeley$cUniversity of California$d1925. 215 $a32 p.$cfig.$d27 cm 300 $aBullettin 389, June 1925. 610 0 $aTrifolium alexandrinum 676 $a633.32 700 1$aKennedy,$bPatrick Brendan$059030 801 0$aIT$bUNINA$gRICA$2UNIMARC 901 $aBK 912 $a990001844460403321 952 $a60 MISC. B 49/12$fFAGBC 959 $aFAGBC 996 $aBerseem or Egyptian Clover (Trifolium alexandrinum$9414894 997 $aUNINA LEADER 00990nam--2200361---450- 001 990003412760203316 005 20100614133542.0 010 $a978-0-520-25229-5 035 $a000341276 035 $aUSA01000341276 035 $a(ALEPH)000341276USA01 035 $a000341276 100 $a20100614d2008----km-y0itay50------ba 101 $aeng 102 $aUS 105 $a||||||||001yy 200 1 $a<> seer in ancient Greece$fMichael Attyah Flower 210 $aBerkeley [etc.]$cUniversity of California$d2008 215 $aXVIII,305 p.$cill.$d24 cm 410 0$12001 454 1$12001 461 1$1001-------$12001 606 0 $aDivinazione$yGrecia antica$2BNCF 676 $a133.3 700 1$aFLOWER,$bMichael Attyah$0158126 801 0$aIT$bsalbc$gISBD 912 $a990003412760203316 951 $aHR 222$b10204 DSA 959 $aBK 969 $aDSA 979 $aDSA$b10$c20100614$lUSA01$h1335 996 $aSeer in ancient Greece$91125798 997 $aUNISA